Caste, class and politics in rural india / (Record no. 126385)

MARC details
000 -LEADER
fixed length control field 00707nam a22002297a 4500
005 - DATE AND TIME OF LATEST TRANSACTION
control field 20170124110009.0
010 ## - LIBRARY OF CONGRESS CONTROL NUMBER
LC control number A-596891
020 ## - INTERNATIONAL STANDARD BOOK NUMBER
Terms of availability 00.00
International Standard Book Number 8185495157
035 ## - SYSTEM CONTROL NUMBER
System control number A-596891
037 ## - SOURCE OF ACQUISITION
Source of stock number/acquisition Cen Lib/Ret
040 ## - CATALOGING SOURCE
Original cataloging agency DPL
Language of cataloging EN
082 ## - DEWEY DECIMAL CLASSIFICATION NUMBER
Classification number 305.5
Item number SHA
100 ## - MAIN ENTRY--PERSONAL NAME
Personal name Sharma, Arjun
9 (RLIN) 17400
245 ## - TITLE STATEMENT
Title Caste, class and politics in rural india /
Statement of responsibility, etc by Arjun Sharma
260 ## - PUBLICATION, DISTRIBUTION, ETC. (IMPRINT)
Name of publisher, distributor, etc Khama Publishers
Place of publication, distribution, etc New Delhi
Date of publication, distribution, etc 1993
270 ## - ADDRESS
City New Delhi
Postal code 110063
Address A-6, paschim vihar
300 ## - PHYSICAL DESCRIPTION
Extent xii,176p.
Dimensions 21cm(Hb)
500 ## - GENERAL NOTE
General note Includes bibliographical references and index
650 ## - SUBJECT ADDED ENTRY--TOPICAL TERM
Topical term or geographic name as entry element Sheduled castes
9 (RLIN) 17401
650 ## - SUBJECT ADDED ENTRY--TOPICAL TERM
Topical term or geographic name as entry element Political aspects
9 (RLIN) 6707
942 ## - ADDED ENTRY ELEMENTS (KOHA)
Source of classification or shelving scheme Dewey Decimal Classification
Koha item type English Books
Classification part 305.5
Call number suffix SHA
Holdings
Withdrawn status Lost status Damaged status Not for loan Home library Current library Date acquired Source of acquisition Cost, normal purchase price Total Checkouts Full call number Barcode Date last seen Copy number Cost, replacement price Price effective from Koha item type
        Central Library Central Library 25/06/2015 Cen Lib/Ret 0.00   305.5 SHA A-596891 25/06/2015 1 0.00 25/06/2015 English Books

© Delhi Public Library
Hit Counter
free hit counter